Rasgos económicos del imperialismo / (Record no. 147974)

MARC details
000 -LEADER
campo de control de longitud fija 00649nam a2200205 4500
001 - NÚMERO DE CONTROL
campo de control 147974
003 - IDENTIFICADOR DE NÚMERO DE CONTROL
campo de control ES-MaACL
007 - CAMPO FIJO DE DESCRIPCIÓN FÍSICA--INFORMACIÓN GENERAL
campo de control de longitud fija t|
008 - DATOS DE LONGITUD FIJA--INFORMACIÓN GENERAL
campo de control de longitud fija 070214s1974 sp r ||||1| spa d
100 1# - ENTRADA PRINCIPAL--NOMBRE DE PERSONA
Nombre de persona Spiridonova, N. S.
9 (RLIN) 107757
245 10 - MENCIÓN DEL TÍTULO
Título Rasgos económicos del imperialismo /
Mención de responsabilidad, etc. N. S. Spiridonova, L. A. Cherkasova ; versión de Luis A. Vargas.
260 ## - PUBLICACIÓN, DISTRIBUCIÓN, ETC.
Lugar de publicación, distribución, etc. Barcelona :
Nombre del editor, distribuidor, etc. Grijalbo,
Fecha de publicación, distribución, etc. 1974.
300 ## - DESCRIPCIÓN FÍSICA
Extensión 159 p. ;
Dimensiones 18 cm.
490 1# - MENCIÓN DE SERIE
Mención de serie Colección 70 ;
Designación de volumen o secuencia 78
700 1# - ENTRADA AGREGADA--NOMBRE PERSONAL
Nombre de persona Cherkasova, L. A.
9 (RLIN) 38367
700 1# - ENTRADA AGREGADA--NOMBRE PERSONAL
Nombre de persona Vargas, Luis A.
9 (RLIN) 113197
830 0# - PUNTO DE ACCESO ADICIONAL DE SERIE-TÍTULO UNIFORME
Título uniforme Colección 70 ;
Designación de volumen o secuencia 78
9 (RLIN) 182684
852 ## - LOCALIZACIÓN
Ubicación ES-MaACL
Número de control de estantería E-6728
Sublocalización o colección R.90926
Holdings
Estatus retirado Estado de pérdida Estado de daño No para préstamo Biblioteca de origen Biblioteca actual Ubicación en estantería Fecha de adquisición Fuente de adquisición Total de préstamos Signatura topográfica completa Código de barras Visto por última vez Precio de reemplazo Tipo de ítem Koha
        Biblioteca del Ateneo de Madrid Biblioteca del Ateneo de Madrid Depósito 2 17/01/2008     E-6728 1154428 23/02/2023 23/02/2023 Libro impreso